| 000 | 01325nam0a22002771 4500 | ||
|---|---|---|---|
| 001 | rc\958435 | ||
| 005 | 20260407151236.0 | ||
| 035 | _a(NLR Aleph) 006128946 | ||
| 090 |
_a5540644 _c5540644 |
||
| 100 | _a20041129d1982 |||y0rusy50 ca | ||
| 101 | 0 | _arus | |
| 102 | _aRU | ||
| 105 | _aa ||||||||| | ||
| 200 | 1 | _aИнтенсификация процессов производства и созревания крупных сыров | |
| 210 |
_aМ. _cЦНИИТЭИмясомолпром _d1982 |
||
| 215 |
_a[1], 36 с. _cграф. _d21 |
||
| 225 | 1 |
_aМаслодельная и сыродельная промышленность _eОбзор. информ. _fМ-во мясн. и молоч. пром-сти СССР, ЦНИИ информ. и техн.-экон. исслед. |
|
| 300 | _aАвт. указан на 2-й с. обл. | ||
| 320 | _aБиблиогр.: с. 36 (17 назв.) | ||
| 700 | 1 |
_aСаакян _bР.В. _gРудик Вартанович |
|
| 712 | 0 | 2 |
_aЦНИИ информации и технико-экономических исследований Министерства мясной и молочной промышленности СССР _3RU\NLR\AUTH\8810026384 _9550975 |
| 801 | 0 |
_aRU _bNLR _gpsbo |
|
| 801 | 1 |
_aRU _bELAR _2rusmarc |
|
| 852 |
_aNLR _j83-6/91 |
||
| 942 | _cBOOK | ||
| 980 | _aNB | ||